000 00584cam a2200217 4500
001 ##L125948
008 040426n2003 000 0 eng u
020 _a0117031946
035 _a(Sirsi) u125948
041 0 _aeng
050 0 4 _a692.5 $2 18
110 2 _aCarillion Services
_93856
245 0 0 _aPSA schedule of rates for decoration work
250 _a7th ed.
260 _aLondon
_bStationery Office
_c2003
300 _a63p.
_c30cm.
350 _a60
520 _aSupersedes sixth edition (ISBN 0117021571).
690 _aBUILT ENVIRONMENT-BUILDING COSTS
942 _n0
999 _c103519
_d103519